[Event "Large KO for ALL"]
[Site "SchemingMind.com"]
[Date "2007.09.11"]
[Round "-"]
[White "Quirine"]
[Black "Alessandro Dotti Contra"]
[Result "1-0"]
[WhiteCountry "NED"]
[BlackCountry "ITA"]
[WhiteElo "1901"]
[WhiteRD "71"]
[BlackElo "1378"]
[BlackRD "79"]
[GameID "119795"]

1. d4 d5 2. Nf3 Nc6 3. c4 Nf6 4. cxd5 Nxd5 5. e4 Nf6 6. Nc3 Bg4 7. Be3 e6 8. Bb5 a6 9. Bxc6+ bxc6 10. Qa4 Be7
11. Qxc6+ Nd7 12. Ne5 O-O 13. Nxd7 Re8 14. Ne5 Bh5 15. O-O Rb8 16. Qc4 Ra8 17. f3 Qb8 18. Rab1 Bd6 19. Nc6 Qc8 20. e5 Be7
21. Nxe7+ Rxe7 22. f4 Bg6 23. Rbc1 a5 24. d5 Qd8 25. Rfd1 Bh5 26. Rd2 Qd7 27. dxe6 Qxe6 28. Qxe6 Rxe6 29. Nd5 c6 30. Nc7 Rc8
31. Nxe6 fxe6 32. Rd6 Bf7 33. Rcxc6 Rb8 34. b3 h6 35. Rc7 Rf8 36. Rdd7 g6 37. Bc5 Be8 38. Rg7+ Kh8 39. Rh7+ Kg8 40. Rcg7#
1-0

[Event "Large KO for ALL"]
[Site "SchemingMind.com"]
[Date "2007.09.10"]
[Round "-"]
[White "Alessandro Dotti Contra"]
[Black "Quirine"]
[Result "0-1"]
[WhiteCountry "ITA"]
[BlackCountry "NED"]
[WhiteElo "1378"]
[WhiteRD "79"]
[BlackElo "1901"]
[BlackRD "71"]
[GameID "119798"]

1. e4 e6 2. Nf3 d5 3. d4 dxe4 4. Bg5 f6 5. Bf4 exf3 6. gxf3 Ne7 7. Nc3 Nd5 8. Nxd5 exd5 9. Qd2 Nc6 10. O-O-O Bf5
11. Bb5 Qd7 12. Qe3+ Kf7 13. Rd2 Re8 14. Be5 fxe5 15. dxe5 a6 16. Ba4 b5 17. Bb3 Rxe5 18. Bxd5+ Rxd5 19. Rhd1 Rxd2 20. Rxd2 Qe6
21. Qxe6+ Bxe6 22. a3 Bd6 23. h4 Bf4 24. Kd1 Bxd2 25. Kxd2 Kf6 26. b3 Nd4 27. f4 Kf5 28. Kd3 c5 29. b4 Bc4+ 30. Ke3 Nxc2+
31. Kf3 Nxa3 32. bxc5 b4 33. c6 b3 34. c7 b2 35. c8=Q+ Rxc8 36. Kg3 b1=Q 37. h5 Bd5
0-1

[Event "Large KO for ALL"]
[Site "SchemingMind.com"]
[Date "2007.09.11"]
[Round "-"]
[White "boutdem"]
[Black "Dariusz1968"]
[Result "1-0"]
[WhiteCountry "GRE"]
[BlackCountry "POL"]
[WhiteElo "1846"]
[WhiteRD "87"]
[BlackElo "1332"]
[BlackRD "53"]
[GameID "119995"]

1. f4 e6 2. Nf3 b6 3. g3 Bb7 4. Bg2 h6 5. d3 Bb4+ 6. c3 Be7 7. e4 d5 8. e5 Nd7 9. d4 c5 10. Be3 Ba6
11. Na3 cxd4 12. Bxd4 Bc5 13. Rc1 Ne7 14. Qa4 Qc8 15. Kf2 Bxa3 16. Qxa3 Nf5 17. g4 Nxd4 18. cxd4 Bc4 19. b3 b5 20. bxc4 bxc4
21. Ne1 Rb8 22. Nc2 Qb7 23. Rhe1 h5 24. Qd6 hxg4 25. Kg1
1-0

[Event "Large KO for ALL"]
[Site "SchemingMind.com"]
[Date "2007.09.11"]
[Round "-"]
[White "Dariusz1968"]
[Black "boutdem"]
[Result "0-1"]
[WhiteCountry "POL"]
[BlackCountry "GRE"]
[WhiteElo "1332"]
[WhiteRD "53"]
[BlackElo "1846"]
[BlackRD "87"]
[GameID "120001"]

1. e4 c5 2. Bc4 e6 3. Nf3 d6 4. d4 cxd4 5. Qxd4 Nc6 6. Qd3 Nf6 7. Bg5 Be7 8. Bb5 Qc7 9. Nc3 Bd7 10. Bxc6 Bxc6
11. Bxf6 Bxf6 12. O-O O-O 13. Rae1 a6 14. e5 Be7 15. Ne4 Bb5 16. Qe3 Bxf1 17. Kxf1 d5 18. Neg5 Rac8 19. c3 Qc4+ 20. Kg1 h6
21. Nh3 Qxa2 22. Qe2 Rc5 23. g4 Rb5
0-1

[Event "Large KO for ALL"]
[Site "SchemingMind.com"]
[Date "2007.09.10"]
[Round "-"]
[White "surfnsuds"]
[Black "Rimfaxe"]
[Result "0-1"]
[WhiteCountry "USA"]
[BlackCountry "DEN"]
[WhiteElo "1341"]
[WhiteRD "120"]
[BlackElo "1846"]
[BlackRD "171"]
[GameID "120092"]

1. e3 c5 2. d4 e6 3. c4 Nf6 4. Nf3 d5 5. dxc5 Bxc5 6. Qb3 O-O 7. Nc3 Nc6 8. Bd3 b6 9. Qc2 Nb4 10. Qb3 Nxd3+
11. Ke2 dxc4 12. Qxc4 Nb4 13. Ne5 Qc7 14. a3 Nc2 15. Ng6 hxg6 16. Rb1 Bb7 17. Kd2 Nxe3 18. Qh4 Rfd8+ 19. Ke2 Ba6+
0-1

[Event "Large KO for ALL"]
[Site "SchemingMind.com"]
[Date "2007.09.15"]
[Round "-"]
[White "Juan Jose Rivas Maceda"]
[Black "egis"]
[Result "1-0"]
[WhiteCountry "PER"]
[BlackCountry "LTU"]
[WhiteElo "2091"]
[WhiteRD "130"]
[BlackElo "2005"]
[BlackRD "74"]
[GameID "120093"]

1. e4 c5 2. Nf3 Nc6 3. d4 cxd4 4. Nxd4 Nf6 5. Nc3 Qb6 6. Nb3 e5 7. a3 Be7 8. Bc4 O-O 9. O-O d6 10. Be3 Qc7
11. Qd3 b6 12. Rad1 a5 13. Bg5 Ne8 14. Nd5 Qb7 15. Be3 Bd8 16. Nd2 Nf6 17. Nxf6+ Bxf6 18. Nb1 Bd7 19. Nc3 Be7 20. f3 Na7
21. f4 Nc6 22. f5 h6 23. f6 Bxf6 24. Rxf6 gxf6 25. Bxh6 Kh7 26. Bxf8 Rxf8 27. Qxd6 Kg7 28. Qxd7 Qxd7 29. Rxd7 Nd4 30. Nb5 Nxb5
31. Bxb5
1-0

[Event "Large KO for ALL"]
[Site "SchemingMind.com"]
[Date "2007.09.10"]
[Round "-"]
[White "Rimfaxe"]
[Black "surfnsuds"]
[Result "1-0"]
[WhiteCountry "DEN"]
[BlackCountry "USA"]
[WhiteElo "1846"]
[WhiteRD "171"]
[BlackElo "1341"]
[BlackRD "120"]
[GameID "120097"]

1. e4 e5 2. Nf3 Nc6 3. Bb5 Nf6 4. O-O Bd6 5. Re1 O-O 6. c3 a6 7. Ba4 Bc5 8. d4 exd4 9. cxd4 Bb4 10. Bd2 Qe7
11. a3 Ba5 12. d5 Bxd2 13. Nbxd2 Ne5 14. Nxe5 Qxe5 15. Qc2 Qh5 16. Qxc7 d6 17. Qxd6 Ng4 18. Bd1 Qh4 19. Qg3 Qxg3 20. hxg3 g6
21. Rc1 Bd7 22. Rc7 Rfd8 23. Bxg4 Bxg4 24. Rec1 b5 25. Nf3 Re8 26. Nd2 Rac8 27. Rxc8 Bxc8 28. f3 Bd7 29. Nb3 h5 30. Nd4 Kg7
31. Rc7 Bc8 32. Nc6
1-0

[Event "Large KO for ALL"]
[Site "SchemingMind.com"]
[Date "2007.09.15"]
[Round "-"]
[White "egis"]
[Black "Juan Jose Rivas Maceda"]
[Result "0-1"]
[WhiteCountry "LTU"]
[BlackCountry "PER"]
[WhiteElo "2015"]
[WhiteRD "70"]
[BlackElo "2123"]
[BlackRD "127"]
[GameID "120098"]

1. e4 e5 2. Nf3 Nc6 3. d4 exd4 4. Nxd4 Bc5 5. Nxc6 Qf6 6. Qf3 dxc6 7. Bd3 Be6 8. Qe2 Qg6 9. O-O Bg4 10. Qd2 O-O-O
11. Nc3 Ne7 12. Qf4 f6 13. Bd2 h5 14. Na4 Bd4 15. Nc3 h4 16. Kh1 h3 17. g3 Qh5 18. f3 Be6 19. g4 Qf7 20. Qg3 g5
21. Rfd1 Ng6 22. b3 Nf4 23. Rab1 Nxd3 24. cxd3 Be5 25. Qg1 b6 26. Be1 c5 27. Rb2 Rd7 28. Qe3 Rhd8 29. Rc2 Bf4 30. Qf2 Rxd3
31. Rxd3 Rxd3 32. Qf1 c4 33. bxc4 Bxc4 34. Qxh3 Ba6 35. Qg2 Qc4 36. Qf2 Be3 37. Qe2 Rxc3 38. Bxc3 Qxe2 39. Rxe2 Bxe2 40. Kg2 Kd7
41. Bxf6 Ke6 42. Bc3 c5 43. Bb2 b5
0-1

[Event "Large KO for ALL"]
[Site "SchemingMind.com"]
[Date "2007.09.12"]
[Round "-"]
[White "Gilligan"]
[Black "tacticrules"]
[Result "1-0"]
[WhiteCountry "USA"]
[BlackCountry "GER"]
[WhiteElo "1652"]
[WhiteRD "74"]
[BlackElo "1454"]
[BlackRD "49"]
[GameID "120267"]

1. e4 c5 2. Nf3 Nc6 3. d4 cxd4 4. Nxd4 Nf6 5. Nc3 e5 6. Nxc6 bxc6 7. a3 d5 8. Bg5 d4 9. Bxf6 Qxf6 10. Ne2 Ba6
11. g3 Qf3 12. Rg1 Qxe4 13. Bg2 Qg6 14. Qd2 Rc8 15. O-O-O Be7 16. h4 O-O 17. Kb1 c5 18. Rge1
1-0

[Event "Large KO for ALL"]
[Site "SchemingMind.com"]
[Date "2007.09.12"]
[Round "-"]
[White "tacticrules"]
[Black "Gilligan"]
[Result "1/2-1/2"]
[WhiteCountry "GER"]
[BlackCountry "USA"]
[WhiteElo "1570"]
[WhiteRD "48"]
[BlackElo "1683"]
[BlackRD "73"]
[GameID "120273"]

1. e4 e5 2. Nf3 Nc6 3. d4 exd4 4. Nxd4 Bc5 5. Be3 Nf6 6. Nxc6 bxc6 7. Bxc5 Nxe4 8. Qe2 d5 9. f3 Bf5 10. fxe4 Bxe4
11. Nc3 f5 12. Nxe4 fxe4 13. O-O-O Qg5+ 14. Kb1 a5 15. h4 Qg6 16. g4 Kd7 17. Bh3 Rhb8 18. g5+=
1/2-1/2

[Event "Large KO for ALL"]
[Site "SchemingMind.com"]
[Date "2007.09.12"]
[Round "-"]
[White "fouche"]
[Black "steffex"]
[Result "1-0"]
[WhiteCountry "COL"]
[BlackCountry "USA"]
[WhiteElo "1568"]
[WhiteRD "68"]
[BlackElo "1258"]
[BlackRD "72"]
[GameID "120390"]

1. e4 e5 2. f4 d5 3. exd5 Qxd5 4. Nc3 Qe6 5. fxe5 Qxe5+ 6. Qe2 Nc6 7. Nf3 Qe7 8. d4 Nf6 9. Bg5 Nb4 10. O-O-O Bf5
11. Qxe7+ Bxe7 12. Bd3 O-O 13. Bxf5 h6 14. Bh4 Nc6 15. d5 Na5 16. Rhe1 g5 17. Nxg5 Nc4 18. Rxe7 Nh5 19. Nxf7 Rxf7 20. Be6 Nd6
21. Rf1 Kg7 22. Bxf7 Nxf7 23. Rfxf7+ Kg6 24. g4 Ng7 25. Rxg7#
1-0

[Event "Large KO for ALL"]
[Site "SchemingMind.com"]
[Date "2007.09.14"]
[Round "-"]
[White "acbrasileiro"]
[Black "Schaakmaatje"]
[Result "1-0"]
[WhiteCountry "BRA"]
[BlackCountry "NED"]
[WhiteElo "1959"]
[WhiteRD "104"]
[BlackElo "1755"]
[BlackRD "48"]
[GameID "120392"]

1. Nf3 b5 2. e3 a6 3. d4 Bb7 4. c4 bxc4 5. Bxc4 e6 6. O-O Nf6 7. Nc3 d5 8. Bd3 c5 9. dxc5 Bxc5 10. a3 O-O
11. b4 Bd6 12. Bb2 Nc6 13. Ne2 Rc8 14. Rc1 e5 15. Bf5 Rc7 16. Qb3 Bc8 17. Bxc8 Qxc8 18. Rc2 Re8 19. Rfc1 Qb7 20. Ne1 Ne7
21. Nd3 Ng6 22. Rxc7 Bxc7 23. Nc5 Qb6 24. Qa4 Ra8 25. Nd7 Nxd7 26. Qxd7 Bd6 27. Nc3 Nf8 28. Qg4 d4 29. Nd5 Qd8 30. exd4 exd4
31. Bxd4 Ne6 32. Qe4 Rc8 33. Rxc8 Qxc8 34. Bb2 Qb8 35. g3 a5 36. Bc3 axb4 37. Bxb4 Ng5 38. Qg4 Ne6 39. Qc4 h6 40. Bxd6 Qxd6
41. a4 Qa3 42. Qb5 Qf3 43. Ne7+ Kh7 44. Qf5+ Qxf5 45. Nxf5 g6 46. Nd6 Kg7 47. f4 Nc5 48. a5 Kf6 49. Kf2 Ke6 50. Nc4 f6
51. Ke3 h5 52. h3 Kd5 53. Nd2 Na6 54. Nf3 Nc5 55. Nh4 g5 56. fxg5 fxg5 57. Nf3 Ne6 58. a6 Kc6 59. Nd4+ Nxd4 60. Kxd4 Kb6
61. Ke5
1-0

[Event "Large KO for ALL"]
[Site "SchemingMind.com"]
[Date "2007.09.12"]
[Round "-"]
[White "steffex"]
[Black "fouche"]
[Result "0-1"]
[WhiteCountry "USA"]
[BlackCountry "COL"]
[WhiteElo "1258"]
[WhiteRD "72"]
[BlackElo "1568"]
[BlackRD "68"]
[GameID "120396"]

1. e4 e6 2. d4 d5 3. Nc3 c5 4. Nf3 cxd4 5. Nxd4 Nc6 6. exd5 exd5 7. Ndb5 Be6 8. Bf4 Rc8 9. Nd6+ Bxd6 10. Qf3 Nf6
11. Bb5 O-O 12. O-O a6 13. Bd3 Nd4 14. Qe3 Re8 15. Bxd6 Qxd6 16. Qxd4 b5 17. Qh4 Qe5 18. a4 b4 19. Ne2 Qxb2 20. g4 h6
21. g5 hxg5 22. Qxg5 Bh3 23. Rab1 Qe5 24. Qh4 Bxf1 25. Kxf1 a5 26. Nf4 Rc3 27. Re1 Qb8 28. Nxd5 Rxe1+ 29. Kxe1 Qe5+ 30. Ne3 Rxd3
31. cxd3 b3 32. Kd1 Qa1+ 33. Ke2 b2 34. Qg5 b1=Q 35. Nf5 Qd1+ 36. Ke3 Qac1+
0-1

[Event "Large KO for ALL"]
[Site "SchemingMind.com"]
[Date "2007.09.15"]
[Round "-"]
[White "Schaakmaatje"]
[Black "acbrasileiro"]
[Result "0-1"]
[WhiteCountry "NED"]
[BlackCountry "BRA"]
[WhiteElo "1751"]
[WhiteRD "70"]
[BlackElo "1902"]
[BlackRD "99"]
[GameID "120398"]

1. e4 c5 2. Nf3 d6 3. d4 cxd4 4. Nxd4 Nf6 5. Nc3 a6 6. Bg5 e6 7. Qf3 Be7 8. Bc4 Qc7 9. Bd3 Nc6 10. Nce2 Ne5
11. Qe3 Nfg4 12. Qd2 Bxg5 13. Qxg5 Qa5+ 14. Qd2 Nxd3+ 15. cxd3 Qxd2+ 16. Kxd2 Nxf2 17. Rac1 Nxh1 18. Rxh1 Bd7 19. Nc3 Rc8 20. Na4 Bxa4
0-1

[Event "Large KO for ALL"]
[Site "SchemingMind.com"]
[Date "2007.09.13"]
[Round "-"]
[White "Archon"]
[Black "zciwar"]
[Result "1-0"]
[WhiteCountry "CAN"]
[BlackCountry "POL"]
[WhiteElo "1753"]
[WhiteRD "50"]
[BlackElo "1887"]
[BlackRD "94"]
[GameID "120493"]

1. d4 Nf6 2. c4 g6 3. Nc3 d6 4. e4 Bg7 5. f3 O-O 6. Bg5 c5 7. d5 a6 8. Qd2 e6 9. a4 exd5 10. cxd5 h6
11. Bxh6 Nxe4 12. Nxe4 Qh4+ 13. g3 Qxh6 14. Qxh6 Bxh6 15. Nxd6 Nd7 16. Bh3 f5 17. f4 Nb6 18. Nf3 Nxd5 19. Ne5 g5 20. Rd1 Ne3
21. Rd3 Nc2+ 22. Kf2 Nb4 23. Rdd1 Rf6 24. Nxc8 Rxc8 25. fxg5 Bxg5 26. Bf1 Rc7= 27. Bc4+ Kg7 28. h4 Bh6 29. Rd7+ Rxd7 30. Nxd7 Rc6
31. Re1 Kh7 32. Re7+ Bg7 33. Be6 c4 34. Bxf5+ Kg8 35. Ne5 Bxe5 36. Rxe5 Nd3+ 37. Bxd3 cxd3 38. Rg5+ Kh7 39. Ke3
1-0

[Event "Large KO for ALL"]
[Site "SchemingMind.com"]
[Date "2007.09.13"]
[Round "-"]
[White "zciwar"]
[Black "Archon"]
[Result "1-0"]
[WhiteCountry "POL"]
[BlackCountry "CAN"]
[WhiteElo "1909"]
[WhiteRD "114"]
[BlackElo "1707"]
[BlackRD "52"]
[GameID "120502"]

1. d4 d6 2. Nf3 g6 3. c4 Nf6 4. Nc3 Nbd7 5. e4 Bg7 6. Be2 O-O 7. O-O e5 8. Bg5 h6 9. Bh4 g5 10. Bg3 Nh5
11. d5 Nxg3 12. hxg3 a5 13. g4 Nc5 14. Nd2 Bd7 15. Re1 Rb8 16. Nf1 Qc8 17. Ng3 Qe8 18. b3 b5 19. cxb5 Qc8 20. a4 Kh7
21. Nb1 Nxe4 22. Nxe4
1-0

[Event "Large KO for ALL"]
[Site "SchemingMind.com"]
[Date "2007.09.15"]
[Round "-"]
[White "Zugzwang"]
[Black "ekulrac"]
[Result "0-1"]
[WhiteCountry "CAN"]
[BlackCountry "SCO"]
[WhiteElo "1400"]
[WhiteRD "65"]
[BlackElo "1670"]
[BlackRD "56"]
[GameID "120660"]

1. d4 e6 2. e4 c5 3. Nd2 cxd4 4. Ndf3 e5 5. Bc4 d6 6. Nh3 h6 7. O-O Bxh3 8. gxh3 Nf6 9. Qd3 g5 10. Qb3 Qd7
11. Bb5 Nc6 12. Bc4 Nxe4 13. Kh1 Nc5 14. Qa3 Qxh3 15. Ng1 Qd7 16. Bd2 d5 17. Bb5 Bd6 18. b4 Ne4 19. Nf3 Nxd2 20. Nxd2 e4
21. Rfe1 O-O 22. Qb3 Qf5 23. Rad1 Rfe8 24. a3 e3 25. Nf1 Qf3+ 26. Kg1 exf2#
0-1

[Event "Large KO for ALL"]
[Site "SchemingMind.com"]
[Date "2007.09.15"]
[Round "-"]
[White "toguints"]
[Black "jnable"]
[Result "0-1"]
[WhiteCountry "PHI"]
[BlackCountry "PHI"]
[WhiteElo "1215"]
[WhiteRD "82"]
[BlackElo "1872"]
[BlackRD "118"]
[GameID "120661"]

1. d4 d5 2. e3 Nf6 3. Nf3 c5 4. Be2 Nc6 5. O-O e6 6. Nc3 Be7 7. a3 c4 8. b4 a6 9. Bb2 O-O 10. Qd2 Qc7
11. b5 axb5 12. Nxb5 Qb6 13. a4 Ne4 14. Qe1 Bd7 15. Bc3 Na7 16. Ne5 Bxb5 17. axb5 Nxb5 18. Bb2 Qc7 19. Rxa8 Rxa8 20. f3 Ned6
21. Qb4 f6 22. Ng4 Na7 23. Ra1 Ndb5 24. Qa4 Qc8 25. Qa2 Nc7 26. e4 Nc6
0-1

[Event "Large KO for ALL"]
[Site "SchemingMind.com"]
[Date "2007.09.19"]
[Round "-"]
[White "griffimv"]
[Black "Jacek"]
[Result "1-0"]
[WhiteCountry "INT"]
[BlackCountry "POL"]
[WhiteElo "2375"]
[WhiteRD "81"]
[BlackElo "1815"]
[BlackRD "122"]
[GameID "120662"]

1. e4 c5 2. Nf3 e6 3. d4 cxd4 4. Nxd4 a6 5. Bd3 Ne7 6. O-O Nec6 7. Nxc6 Nxc6 8. Qg4 Ne5 9. Qg3 Nxd3 10. cxd3 d6
11. Bg5 f6 12. Be3 d5 13. Rc1 d4 14. Bd2 e5 15. f4 Qb6 16. Na3 Be6 17. f5 Bf7 18. b4 Bh5 19. Rc2 Qd8 20. Nc4 b5
21. Nxe5 fxe5 22. Qxe5+ Qe7 23. Qd5 Rd8 24. f6 Rxd5 25. fxe7 Rd7 26. exf8=Q+ Rxf8 27. Bg5 Rdf7 28. Rac1 Bg4 29. h3 h6 30. Bh4 Bd7
31. Bf2 Bc6 32. Rxc6 Rxf2 33. Rxa6 Rb2 34. Rc7
1-0

[Event "Large KO for ALL"]
[Site "SchemingMind.com"]
[Date "2007.09.14"]
[Round "-"]
[White "Robert Pallett"]
[Black "jdcald13"]
[Result "1-0"]
[WhiteCountry "ENG"]
[BlackCountry "USA"]
[WhiteElo "2340"]
[WhiteRD "73"]
[BlackElo "1892"]
[BlackRD "78"]
[GameID "120663"]

1. e4 c6 2. d4 d5 3. e5 Bf5 4. Nc3 e6 5. g4 Bg6 6. Nge2 c5 7. h4 h5 8. Nf4 cxd4 9. Nxg6 fxg6 10. Qxd4 Nc6
11. Bb5 Ne7 12. Qd3 Kf7 13. Qf3+ Kg8 14. Bf4 d4 15. O-O-O Qa5 16. Bc4 dxc3 17. Bxe6+ Kh7 18. gxh5 cxb2+ 19. Kb1 Nxe5 20. hxg6+ N7xg6
21. Qh5#
1-0

[Event "Large KO for ALL"]
[Site "SchemingMind.com"]
[Date "2007.09.14"]
[Round "-"]
[White "ekulrac"]
[Black "Zugzwang"]
[Result "1-0"]
[WhiteCountry "SCO"]
[BlackCountry "CAN"]
[WhiteElo "1571"]
[WhiteRD "64"]
[BlackElo "1406"]
[BlackRD "64"]
[GameID "120673"]

1. e4 e5 2. f4 exf4 3. Nf3 g5 4. Bc4 g4 5. Bxf7+ Kxf7 6. Ne5+ Ke8 7. Qxg4 Nf6 8. Qxf4 Bd6 9. O-O Qe7 10. d4 Rg8
11. Qxf6 Qxf6 12. Rxf6 Bxe5 13. dxe5 Nc6 14. Bf4 Ke7 15. Nc3 Nb4 16. a3 Nxc2 17. Nd5+ Kd8 18. Rc1
1-0

[Event "Large KO for ALL"]
[Site "SchemingMind.com"]
[Date "2007.09.14"]
[Round "-"]
[White "jnable"]
[Black "toguints"]
[Result "1-0"]
[WhiteCountry "PHI"]
[BlackCountry "PHI"]
[WhiteElo "1872"]
[WhiteRD "118"]
[BlackElo "1215"]
[BlackRD "82"]
[GameID "120674"]

1. e4 e5 2. Nf3 d6 3. d4 Bg4 4. Bc4 Nc6 5. c3 Nf6 6. Bg5 h6 7. Bh4 g5 8. Bg3 Nxe4 9. Qb3 b6 10. Bxf7+ Kd7
11. Bd5 Nxg3 12. hxg3 Na5 13. Qa4+ c6 14. Be4 b5 15. Qc2 d5 16. Bf5+ Bxf5 17. Qxf5+ Kc7 18. Nxe5 Qe8 19. O-O Bd6 20. Qf7+ Qxf7
21. Nxf7 Rh7 22. Nxd6 Kxd6 23. Nd2 Re8 24. Rfe1 Rf8 25. a4 Nc4 26. Nxc4+ dxc4 27. axb5 cxb5 28. Ra6+ Kc7 29. Rxa7+
1-0

[Event "Large KO for ALL"]
[Site "SchemingMind.com"]
[Date "2007.09.19"]
[Round "-"]
[White "Jacek"]
[Black "griffimv"]
[Result "0-1"]
[WhiteCountry "POL"]
[BlackCountry "INT"]
[WhiteElo "1863"]
[WhiteRD "141"]
[BlackElo "2363"]
[BlackRD "85"]
[GameID "120675"]

1. e4 c5 2. Nf3 d6 3. d4 cxd4 4. Nxd4 Nf6 5. Nc3 a6 6. Bg5 e6 7. f4 Qb6 8. a3 Nc6 9. Nb3 Be7 10. Qf3 h6
11. Bh4 g5 12. Bf2 Qc7 13. g3 b5 14. O-O-O Bb7 15. Bxb5 axb5 16. Nxb5 Qb8 17. Bb6 g4 18. Qe3 Ra4 19. Bc7 Qc8 20. Bxd6 Nxe4
21. Nc5 Nxc5 22. Bxe7 Ne4 23. Bd6 Ne7 24. Qb3 Rc4 25. Be5 O-O 26. Bd6 Re8 27. Rhe1 Bd5 28. Be5 Qc6 29. Kb1 Rc5
0-1

[Event "Large KO for ALL"]
[Site "SchemingMind.com"]
[Date "2007.09.14"]
[Round "-"]
[White "jdcald13"]
[Black "Robert Pallett"]
[Result "0-1"]
[WhiteCountry "USA"]
[BlackCountry "ENG"]
[WhiteElo "1892"]
[WhiteRD "78"]
[BlackElo "2340"]
[BlackRD "73"]
[GameID "120676"]

1. c4 e5 2. Nc3 Nf6 3. g3 Bb4 4. Bg2 O-O 5. Nf3 Nc6 6. a3 Bxc3 7. bxc3 e4 8. Nd4 Ne5 9. d3 exd3 10. exd3 d5
11. f4 Bg4 12. Qc2 Nc6 13. Nxc6 bxc6 14. O-O Re8 15. Bf3 Bxf3 16. Rxf3 dxc4 17. dxc4 Re1+ 18. Rf1 Qe7 19. Bb2 Re2 20. Qc1 Qc5+
21. Kh1 Ng4
0-1

[Event "Large KO for ALL"]
[Site "SchemingMind.com"]
[Date "2007.09.17"]
[Round "-"]
[White "spoke"]
[Black "lemmie"]
[Result "1-0"]
[WhiteCountry "GER"]
[BlackCountry "NED"]
[WhiteElo "1745"]
[WhiteRD "65"]
[BlackElo "1703"]
[BlackRD "72"]
[GameID "120814"]

1. e4 e5 2. Nf3 Nc6 3. Bc4 Bc5 4. c3 Nf6 5. d4 exd4 6. cxd4 Bb4+ 7. Bd2 Nxe4 8. Bxb4 Nxb4 9. Bxf7+ Kxf7 10. Qb3+ d5
11. Ne5+ Ke8 12. Qxb4 Rf8 13. O-O Qf6 14. Qb5+ c6 15. Qe2 Kd8 16. Nc3 Bf5 17. Na4 Kc7 18. f3 Nd6 19. Nc5 Rae8 20. Qd2 Nc4
21. Nxc4 dxc4 22. Qa5+ Kb8 23. Rad1 Bd3 24. Nd7+ Kc8 25. Nxf6 Rxf6 26. Qxa7 Bxf1 27. Qa8+ Kd7 28. Qxb7+ Kd8 29. Kxf1 Rfe6 30. Qxg7 Re2
31. Qf6+ Kc7 32. Qf7+ Kc8 33. Qxc4 Rxb2 34. Qxc6+
1-0

[Event "Large KO for ALL"]
[Site "SchemingMind.com"]
[Date "2007.09.17"]
[Round "-"]
[White "lemmie"]
[Black "spoke"]
[Result "1-0"]
[WhiteCountry "NED"]
[BlackCountry "GER"]
[WhiteElo "1703"]
[WhiteRD "72"]
[BlackElo "1745"]
[BlackRD "65"]
[GameID "120822"]

1. e4 e5 2. Nf3 Nc6 3. Bc4 Nf6 4. Ng5 d5 5. exd5 Na5 6. Bb5+ c6 7. dxc6 bxc6 8. Bd3 Nd5 9. Ne4 f5 10. Ng3 Nf4
11. Bxf5 Bxf5 12. Nxf5 Nxg2+ 13. Kf1 Qg5 14. Ng3 Nf4 15. d3 Bc5 16. Nc3 O-O 17. Nce4 Qe7 18. Nxc5 Qxc5 19. Be3 Qd5 20. Ne4 Rad8
21. Qg4 Nxd3 22. cxd3 Qxd3+ 23. Kg2 Nc4 24. Bh6 Rf7 25. Rhe1 Qc2 26. Rac1 Ne3+ 27. Bxe3
1-0

[Event "Large KO for ALL"]
[Site "SchemingMind.com"]
[Date "2007.10.03"]
[Round "-"]
[White "ekulrac"]
[Black "Robert Pallett"]
[Result "0-1"]
[WhiteCountry "SCO"]
[BlackCountry "ENG"]
[WhiteElo "1670"]
[WhiteRD "56"]
[BlackElo "2344"]
[BlackRD "78"]
[GameID "123060"]

1. e4 c5 2. Nf3 Nc6 3. Bc4 e6 4. Nc3 a6 5. a4 Nf6 6. Qe2 Nd4 7. Nxd4 cxd4 8. e5 d5 9. exf6 dxc4 10. fxg7 Bxg7
11. Ne4 d3 12. Qg4 O-O 13. Ng3 dxc2 14. Qxc4 Bd7 15. Qxc2 Bc6 16. Ra3 Rc8 17. Qb1 Bxg2 18. Rg1 Qd5 19. Re3 f5 20. Nh5 f4
21. Nxf4 Rxf4 22. Rg3 Re4+ 23. Kd1 Qh5+
0-1

[Event "Large KO for ALL"]
[Site "SchemingMind.com"]
[Date "2007.10.03"]
[Round "-"]
[White "Robert Pallett"]
[Black "ekulrac"]
[Result "1-0"]
[WhiteCountry "ENG"]
[BlackCountry "SCO"]
[WhiteElo "2344"]
[WhiteRD "78"]
[BlackElo "1670"]
[BlackRD "56"]
[GameID "123066"]

1. e4 Nc6 2. d4 e5 3. d5 Nce7 4. Bd3 Ng6 5. Be3 d6 6. Nc3 Nf6 7. Bb5+ Bd7 8. Bxd7+ Qxd7 9. Nge2 h5 10. h3 h4
11. O-O Nh5 12. a4 Ngf4 13. Nxf4 exf4 14. Bd4 f6 15. Re1 Be7 16. Qf3 g5 17. b4 Kf7 18. Ne2 Rag8 19. Kh2 g4 20. hxg4 Rxg4
21. Bxa7 Rhg8 22. Rg1 f5 23. Bd4 Ng3 24. exf5 Qxf5 25. Rae1 R8g6 26. Bb2 Qg5 27. Nd4 Qh6 28. Qc3 Bd8 29. Ne6 Be7 30. f3 Nf1+
31. Rexf1 h3 32. fxg4
1-0

[Event "Large KO for ALL"]
[Site "SchemingMind.com"]
[Date "2007.10.19"]
[Round "-"]
[White "marks"]
[Black "loco61"]
[Result "0-1"]
[WhiteCountry "PHI"]
[BlackCountry "ENG"]
[WhiteElo "1732"]
[WhiteRD "63"]
[BlackElo "1554"]
[BlackRD "66"]
[GameID "125223"]

1. e4 e5 2. Nf3 Nc6 3. Bc4 Bc5 4. c3 Nf6 5. d3 h6 6. b4 Bd6 7. O-O O-O 8. Be3 a6 9. a4 Ne7 10. Bb3 b6
11. Na3 c6 12. Nh4 Kh7 13. Nc4 Bc7 14. f4 d6 15. fxe5 dxe5 16. Nf5 Nxf5 17. Rxf5 Bxf5 18. exf5 Nd5 19. Rc1 Nxe3 20. Nxe3 Qg5
21. Qf3 Rad8 22. d4 exd4 23. cxd4 Rxd4 24. Rxc6 Bxh2+ 25. Kxh2 Qh4+ 26. Qh3 Rxb4 27. Bc2 Qxh3+ 28. Kxh3 Re8 29. Nd5 Rd4 30. f6+ g6
31. Ne7 b5 32. axb5 axb5 33. Rb6 Rc4 34. Bd3 Rc3 35. Rd6 b4 36. Kg4 Rb8 37. Nxg6 Rxd3 38. Nf8+ Rxf8 39. Rxd3 Rb8 40. Rb3 Kg6
41. Kh4 Kxf6 42. g4 Kg6 43. Kh3 f5 44. Kg3 fxg4 45. Kxg4 Rb5 46. Kg3 Kg5 47. Kf3 h5 48. Kg3 h4+ 49. Kg2 Kf5 50. Kf2 Ke4
51. Ke2 Kd4 52. Kd2 Kc4 53. Kc2 Rh5 54. Rh3 b3+ 55. Kb2 Kd4 56. Kxb3 Ke4 57. Kc2 Kf4 58. Kd3 Kg4 59. Rh1 h3 60. Ke3 Rf5
61. Rg1+ Kh4 62. Rg8 h2 63. Ra8 h1=Q
0-1

[Event "Large KO for ALL"]
[Site "SchemingMind.com"]
[Date "2007.10.20"]
[Round "-"]
[White "loco61"]
[Black "marks"]
[Result "1-0"]
[WhiteCountry "ENG"]
[BlackCountry "PHI"]
[WhiteElo "1554"]
[WhiteRD "66"]
[BlackElo "1732"]
[BlackRD "63"]
[GameID "125227"]

1. e4 c5 2. Nf3 Nc6 3. Bc4 e6 4. c3 Nf6 5. d3 Be7 6. Be3 Na5 7. Na3 Nxc4 8. Nxc4 d5 9. exd5 exd5 10. Nce5 O-O
11. O-O Ng4 12. Nxg4 Bxg4 13. h3 Be6 14. Re1 b6 15. Qd2 Qd7 16. Re2 Rad8 17. d4 Rfe8 18. Ne5 Qc8 19. Rae1 Bd6 20. Bf4 Qb8
21. Bg5 Rc8 22. Bh4 cxd4 23. cxd4 h6 24. Re3 Bxe5 25. Rxe5 Rc6 26. f4 Qc8 27. Qf2 Bf5 28. Rxe8+ Qxe8 29. Rxe8+ Kh7 30. Qf3 Rc1+
31. Kh2 Be4 32. Rxe4 dxe4 33. Qxe4+ Kg8 34. d5 Rc5 35. d6 f5 36. Qe6+ Kf8 37. d7
1-0